000 00259nam a22001217a 4500
003 SGT
082 _a746.44
_bDON
100 _aDONNA, KOOLERY
245 _a555 CHRISMAS CROSS STITCH DESIGN
260 _bSTERLNG PUB.
_c1999
300 _a128
942 _2ddc
_cBK
999 _c13429
_d13429